000 00324nam a2200133Ia 4500
003 GCL
008 140319s9999 xx 000 0 ara d
040 _aGCL /
_cGCL
082 0 4 _a224.2
_bا ن
245 1 0 _aالتبيان فى أداب القرأن
260 _a[S.N] :
_bدار الجيل
300 _a1361 ص
490 _a
999 _c35492
_d35492